Badly Explained Countries by ChatGPT #1 - Statistics

General Stats
  • This quiz has been taken 116 times
  • The average score is 8 of 10
Answer Stats
Description Country % Correct
There’s this super old place where sand’s everywhere, and they built giant triangles that still confuse people. They’ve got a river that’s the only reason anything’s green, and cats used to be treated like celebrities. Oh, and their kings liked to hang out in fancy boxes after they died. Egypt
95%
There’s this massive place where everything’s either super-sized or super loud, and they’ve got a weird obsession with flags and eagles. Half the people argue about who’s better at running things, while the other half are busy eating burgers and binge-watching TV. Oh, and somehow, they’ve convinced the world that their Hollywood stuff is real life. United States
95%
There’s this place that’s really into sausages, beer, and making things super efficient. It’s known for starting two big arguments a while back, but now everyone’s chill and into cars and long words. Plus, they’ve got a festival where wearing lederhosen and drinking too much is totally normal. Germany
92%
There’s this island where everyone’s obsessed with old cars, loud music, and rolling cigars. It’s been in a long staring contest with a big neighbor, and the internet’s still kind of a luxury. People there somehow make everything work with what they’ve got, and the beaches aren’t too bad either. Cuba
83%
There’s this small, fancy place where everyone loves coffee and cake, and somehow skiing is a national pastime. They’re really into classical music and psychology—thanks to a guy who made everyone talk about their mothers. Plus, they share their famous mountain views with tourists like it’s their main personality trait. Austria
82%
There’s this country tucked in the Andes, where ancient stone cities are hiding among the clouds and llamas are basically local celebrities. People there are super into potatoes, with thousands of types to choose from, and they have a knack for making everything spicy. Oh, and don’t forget about the mysterious lines drawn in the desert that everyone is still trying to figure out! Peru
82%
There's this place sandwiched between big neighbors, where people love their pierogi and seem to have an unbreakable habit of bouncing back after getting wiped off the map. They’ve got a thing for castles, a composer who’s kind of a big deal, and they somehow turned a salt mine into a tourist attraction. Poland
76%
There’s this tropical paradise where people can’t get enough of spicy food and smiling at strangers. It’s known for stunning temples and beaches that look like postcards, but watch out for the street markets—you might end up buying something you never knew you needed. Also, they have a thing for elephants, which are kind of a big deal. Thailand
71%
There’s this landlocked spot in Africa where the locals have a thing for elephants, and the wildlife is basically the main attraction. They’ve struck it rich with shiny rocks underground, turning diamond mining into a big deal. Plus, they’ve got a knack for balancing tradition with modern life, all while keeping things pretty chill. Botswana
54%
There’s this tiny island nation where the ocean is the main attraction, and snorkeling is basically a sport. They’ve got a whole lot of jellyfish that don’t sting, which sounds like a dream until you realize it’s not a fairytale. Plus, the locals seem to really love their traditions, but you might just get distracted by the sunsets. Palau
28%
No matching quizzes found
Score Distribution
Percent of People with Each Score
Percentile by Number Answered
Your Score History
You have not taken this quiz